Lady Gaga - Statistics

General Stats
  • This quiz has been taken 667 times
  • The average score is 7 of 13
Answer Stats
Hint Answer % Correct
Debut album The Fame
96%
Telephone feats. what singer? Beyonce
91%
Third Album Born This Way
87%
Number of grammys 5
73%
EP album The Fame Monster
67%
2012-2013 tour Born This Way Ball
62%
How many VMA's did she win in 2010? 13
58%
Sister Natali
55%
Government name Stefani Joanne Angelina Germanotta
37%
Alter ego Jo Calderone
36%
2009-2011 tour Monster Ball Tour
34%
Ex boyfriend Luc Carl
26%
Restaurant Joanne's
19%
No matching quizzes found
Score Distribution
Percent of People with Each Score
Percentile by Number Answered
Your Score History
You have not taken this quiz